| 000 | 01284nam0a22002891 4500 | ||
|---|---|---|---|
| 001 | rc\2228939 | ||
| 005 | 20250623004145.0 | ||
| 035 | _a(NLR Aleph) 006496041 | ||
| 090 |
_a6182247 _c6182247 |
||
| 100 | _a20110829d1979 |||y0rusy50 ca | ||
| 101 | 0 | _arus | |
| 102 | _aRU | ||
| 105 | _aa z ||||| | ||
| 200 | 1 |
_aТехнологические схемы слива и налива сжиженного газа на ГНС для различных климатических условий и их оборудования _f[И.В. Дудин, Е.П. Шуркин, С.В. Рубинштейн, Н.А. Топорова] |
|
| 210 |
_aМосква _cЦБНТИ Минжилкомхоза РСФСР _d1979 |
||
| 215 |
_a54 с., 1 отд. л. схем. _cил. _d20 |
||
| 225 | 1 |
_aОбзорная информация _fМ-во жил.-коммун. хоз-ва РСФСР. ЦБНТИ _iСерия "Газовое хозяйство" _v2 (30) |
|
| 320 | _aБиблиогр.: с. 54 | ||
| 701 | 1 |
_aШуркин _bЕ.П. |
|
| 701 | 1 |
_aРубинштейн _bС.В. |
|
| 701 | 1 |
_aДудин _bИ.В. _gИван Васильевич |
|
| 701 | 1 |
_aТопорова _bН.А. |
|
| 801 | 0 |
_aRU _bNLR _gpsbo |
|
| 801 | 1 |
_aRU _bELAR _2rusmarc |
|
| 852 |
_aNLR _jП10/3294 |
||
| 942 | _cBOOK | ||
| 980 | _aNB | ||